| 000 | 00924nam a2200229 a 4500 | ||
|---|---|---|---|
| 001 | 30401 | ||
| 003 | BD-RjUL | ||
| 005 | 20211209051547.0 | ||
| 008 | 160818m20001996bg a 000 0 ben | ||
| 020 |
_a9848090010 _c: TK. 240.00 |
||
| 035 | _a(BD-RjUL)30486 | ||
| 040 |
_aBD-RjUL _cBD-RjUL _dBD-RjUL _bben |
||
| 041 | _aben | ||
| 082 |
_a330.95492 _bKHB 2000 _223 |
||
| 100 |
_aখান, মোঃ শামসুল কবীর _9117037 |
||
| 245 |
_aবাংলাদেশর অর্থনীতি / _cমোঃ শামসুল কবীর খান |
||
| 260 |
_aঢাকা : _bবাংলাদেশ বিশ্ববিদ্যালয় মঞ্জুরী কমিশন, _c২০০০. |
||
| 300 |
_a৫১৪ পৃ. : _bচিএ ; _c২১ সেমি. |
||
| 650 | 0 |
_aঅর্থনীতি _xবাংলাদেশ _9117038 |
|
| 650 | 0 |
_aEconomics _xBangladesh _9117039 |
|
| 942 |
_2ddc _cBK |
||
| 999 |
_c30401 _d30401 |
||